Statystyki dla Formuła 1 - składy zespołów 2006

Kliknij tutaj aby rozwiązać quiz!

Ogólne statystyki

  • Ten quiz został rozwiązany 57 razy
  • Średni wynik to 18 z 27

Statystyki odpowiedzi

ZespółKrajKierowcaRundy (w przypadku niepełnego sezonu)% Poprawnych
BMW SauberPolskaRobert Kubica13-18
98%
FerrariBrazyliaFelipe Massa
96%
FerrariNiemcyMichael Schumacher
96%
ToyotaNiemcyRalf Schumacher
96%
RenaultHiszpaniaFernando Alonso
94%
McLarenFinlandiaKimi Raikkonen
92%
WilliamsAustraliaMark Webber
84%
HondaWielka BrytaniaJenson Button
82%
HondaBrazyliaRubens Barrichello
80%
Red BullWielka BrytaniaDavid Coulthard
71%
RenaultWłochyGiancarlo Fisichella
71%
McLarenKolumbiaJuan Pablo Montoya1-10
71%
BMW SauberNiemcyNick Heidfeld
71%
ToyotaWłochyJarno Trulli
69%
BMW SauberKanadaJacques Villeneuve1-12
67%
WilliamsNiemcyNico Rosberg
65%
McLarenHiszpaniaPedro de la Rosa11-18
63%
Super AguriJaponiaTakuma Sato
63%
Toro RossoUSAScott Speed
55%
Toro RossoWłochyVitantonio Liuzzi
53%
Red BullAustriaChristian Klien1-15
49%
MidlandPortugaliaTiago Monteiro
43%
Super AguriJaponiaSakon Yamamoto12-18
39%
MidlandHolandiaChristijan Albers
37%
Super AguriJaponiaYuji Ide1-4
37%
Red BullHolandiaRobert Doornbos16-18
22%
Super AguriFrancjaFranck Montagny5-11
18%

Rozkład punktacji

Percentyl według liczby udzielonych odpowiedzi

Procent ludzi z każdym wynikiem

Twoja historia wyników

Nie rozwiązałeś tego quizu